Shakespeare's "rough magic" : (Record no. 23869)

000 -LEADER
fixed length control field 01012cam a2200265 a 4500
001 - CONTROL NUMBER
control field 4715978
003 - CONTROL NUMBER IDENTIFIER
control field OSt
005 - DATE AND TIME OF LATEST TRANSACTION
control field 20170127111933.0
008 - FIXED-LENGTH DATA ELEMENTS--GENERAL INFORMATION
fixed length control field 840731s1985 deuc b s010 0 eng
010 ## - LIBRARY OF CONGRESS CONTROL NUMBER
LC control number 83040112
020 ## - INTERNATIONAL STANDARD BOOK NUMBER
International Standard Book Number 0874132479 :
Terms of availability $37.50
040 ## - CATALOGING SOURCE
Original cataloging agency DLC
Transcribing agency DLC
Modifying agency DLC
050 00 - LIBRARY OF CONGRESS CALL NUMBER
Classification number PR2976
Item number .S343 1985
082 00 - DEWEY DECIMAL CLASSIFICATION NUMBER
Classification number 822.3/3
Edition number 19
245 00 - TITLE STATEMENT
Title Shakespeare's "rough magic" :
Remainder of title Renaissance essays in honor of C. L. Barber /
Statement of responsibility, etc. edited by Peter Erickson and Coppélia Kahn.
260 ## - PUBLICATION, DISTRIBUTION, ETC. (IMPRINT)
Place of publication, distribution, etc. Newark :
Name of publisher, distributor, etc. University of Delaware Press ;
Place of publication, distribution, etc. London :
Name of publisher, distributor, etc. Associated University Presses,
Date of publication, distribution, etc. c1985.
300 ## - PHYSICAL DESCRIPTION
Extent 322 p. :
Other physical details port. ;
Dimensions 24 cm.
504 ## - BIBLIOGRAPHY, ETC. NOTE
Bibliography, etc Includes bibliographies.
600 10 - SUBJECT ADDED ENTRY--PERSONAL NAME
Personal name Shakespeare, William,
Dates associated with a name 1564-1616
General subdivision Criticism and interpretation.
650 #0 - SUBJECT ADDED ENTRY--TOPICAL TERM
Topical term or geographic name as entry element Renaissance
Geographic subdivision England.
700 1# - ADDED ENTRY--PERSONAL NAME
Personal name Barber, C. L.
Fuller form of name (Cesar Lombardi)
700 1# - ADDED ENTRY--PERSONAL NAME
Personal name Erickson, Peter.
700 1# - ADDED ENTRY--PERSONAL NAME
Personal name Kahn, Coppélia.
906 ## - LOCAL DATA ELEMENT F, LDF (RLIN)
a 7
b cbc
c orignew
d 1
e ocip
f 19
g y-gencatlg
942 ## - ADDED ENTRY ELEMENTS (KOHA)
Source of classification or shelving scheme
Koha item type Hard Covered Materials
Classification part PR 2976 .S343 1985
Holdings
Withdrawn status Lost status Source of classification or shelving scheme Damaged status Not for loan Home library Current library Shelving location Date acquired Source of acquisition Total Checkouts Full call number Barcode Date last seen Price effective from Koha item type
          MACHAKOS UNIVERSITY LIBRARY MACHAKOS UNIVERSITY LIBRARY Technical section 27/01/2017 Donation (BFA)   PR 2976 .S343 1985 32536 10/07/2018 27/01/2017 Hard Covered Materials
© Machakos University Library, Along The Highway, Machakos Wote Rd, Machakos, Kenya P.O. Box 136 - 90100 Machakos - Kenya

Tel: ( +254 ) 723 805829 OR Fax : 044-20353 OR Email: library@mksu.ac.ke